000 00754cam a2200217 a 4500
005 20160309141017.0
008 960212s19890000sp a 0 spa d
020 _a8423959783
040 _aCO-BoPUJ
_cCO-BoIAVH
_dCO-BoIAVH
041 0 _aspa
044 _asp
090 _aRE-
_b00004
110 2 _aReal Academia Española
245 0 _aDiccionario manual e ilustrado de la lengua española
_cReal Academia Española
250 _aCuarta edición
260 _aMadrid (España) :
_bEspasa-Calpe,
_c1989.
300 _a1666 páginas :
_bilustraciones a color ;
_c25 x 19 centímteros
650 2 6 _aEspañol
_vDiccionarios, enciclopedias, etc.
650 2 4 _aLengua española
_vDiccionarios, enciclopedias, etc.
942 _2ddc
_cLIBRO
999 _c1744
_d1744